Detalles MARC
| 000 -CABECERA |
| campo de control de longitud fija |
00780nam a2200193 a 4500 |
| 001 - NÚMERO DE CONTROL |
| campo de control |
000041549 |
| 005 - FECHA Y HORA DE LA ÚLTIMA TRANSACCIÓN |
| campo de control |
20201002035632.0 |
| 008 - DATOS DE LONGITUD FIJA--INFORMACIÓN GENERAL |
| campo de control de longitud fija |
131009s1988 sp 000 0 spa d |
| 020 ## - NÚMERO INTERNACIONAL ESTÁNDAR DEL LIBRO |
| Número Internacional Estándar del Libro |
8400067320 |
| 040 ## - FUENTE DE LA CATALOGACIÓN |
| Centro catalogador/agencia de origen |
DO-SdBNP |
| Lengua de catalogación |
spa |
| Centro/agencia transcriptor |
BNPHU |
| 100 1# - ENTRADA PRINCIPAL--NOMBRE DE PERSONA |
| Nombre de persona |
Ibn Wassah, Muhammad b. Bazi |
| 9 (RLIN) |
68291 |
| 245 10 - MENCIÓN DE TÍTULO |
| Título |
Kitâb Al-Bida' : |
| Resto del título |
tratado contra las innovaciones / |
| Mención de responsabilidad, etc. |
Muhammad b. Waddah al-Qurtubi ; nueva edición, traducción, estudio e índices por M. Isabel Fierro. |
| 260 ## - PUBLICACIÓN, DISTRIBUCIÓN, ETC. |
| Lugar de publicación, distribución, etc. |
Madrid : |
| Nombre del editor, distribuidor, etc. |
CSIC, |
| Fecha de publicación, distribución, etc. |
1988. |
| 300 ## - DESCRIPCIÓN FÍSICA |
| Extensión |
411 p. ; |
| Dimensiones |
22 cm. |
| 504 ## - NOTA DE BIBLIOGRAFÍA, ETC. |
| Nota de bibliografía, etc. |
Bibliografía : p. 408-411 |
| 504 ## - NOTA DE BIBLIOGRAFÍA, ETC. |
| Nota de bibliografía, etc. |
Incluye referencias bibliográficas y notas al pie de las páginas |
| 700 1# - PUNTO DE ACCESO ADICIONAL--NOMBRE DE PERSONA |
| Nombre de persona |
Fierro Bello, María Isabel |
| Término indicativo de función/relación |
tr. |
| 9 (RLIN) |
1593 |
| 710 2# - PUNTO DE ACCESO ADICIONAL--NOMBRE DE ENTIDAD CORPORATIVA |
| Nombre de entidad corporativa o nombre de jurisdicción como elemento de entrada |
Instituto de Filología, Departamento de Estudios Arabes |
| 9 (RLIN) |
68012 |